Mānasa kā sāmājika darśana; (Record no. 60464)

MARC details
000 -LEADER
fixed length control field 00733cam a22002171 4500
001 - CONTROL NUMBER
control field sa 64007752
003 - CONTROL NUMBER IDENTIFIER
control field DLC
005 - DATE AND TIME OF LATEST TRANSACTION
control field 20260227112049.0
008 - FIXED-LENGTH DATA ELEMENTS--GENERAL INFORMATION
fixed length control field 890911s1963 ii 000 0 hino
010 ## - LIBRARY OF CONGRESS CONTROL NUMBER
LC control number sa 64007752
035 ## - SYSTEM CONTROL NUMBER
System control number (OCoLC)20326057
040 ## - CATALOGING SOURCE
Original cataloging agency DLC
Transcribing agency WaU
Modifying agency NRU
-- DLC
042 ## - AUTHENTICATION CODE
Authentication code premarc
050 00 - LIBRARY OF CONGRESS CALL NUMBER
Classification number PK2095.T8
Item number R32
100 0# - MAIN ENTRY--PERSONAL NAME
Personal name Baijanāthasiṃha.
245 10 - TITLE STATEMENT
Title Mānasa kā sāmājika darśana;
Remainder of title Rāmacaritamānasa kā samājaśastriya adhyayana.
Statement of responsibility, etc. Lekhaka Baijanāthasiṃha.
260 ## - PUBLICATION, DISTRIBUTION, ETC.
Place of publication, distribution, etc. [Naī Dillī]
Name of publisher, distributor, etc. Bhārata Sevaka Samāja ke lie Sastā Sāhitya Maṇḍala dvārā prakāśita,
Date of publication, distribution, etc. 1963.
300 ## - PHYSICAL DESCRIPTION
Extent 170 p.
Dimensions 18 cm.
500 ## - GENERAL NOTE
General note In Hindi.
600 00 - SUBJECT ADDED ENTRY--PERSONAL NAME
Personal name Tulasīdāsa,
Dates associated with a name 1532-1623.
Title of a work Rāmacaritamānasa.

No items available.

Powered by Koha